[Event "USA-ch (Women)"]
[Site "?"]
[Date "1994.??.??"]
[Round "8"]
[White "Burtman, Sharon"]
[Black "Akhmilovskaya, Elena"]
[Result "0-1"]
[WhiteElo "2035"]
[BlackElo "2410"]

1.d4 Nf6 2.c4 e6 3.g3 Bb4+ 4.Bd2 Qe7 5.Nf3 Nc6 6.Nc3 a5 7.Bg2 O-O 8.O-O d6
9.Rc1 h6 10.Bf4 Bxc3 11.Rxc3 e5 12.d5 Nb4 13.Bd2 Ne4 14.Ra3 Nxd2 15.Qxd2 b6
16.Ne1 Ba6 17.Qc3 c5 18.dxc6 Rac8 19.Nd3 Nxc6 20.c5 Nd4 21.Qd2 dxc5 22.f4 exf4
23.Nxf4 Nxe2+ 24.Nxe2 Qxe2 25.Qxe2 Bxe2 26.Rf2 Bc4 27.Rc3 Be6 28.Rd2 Rfd8
29.Rdd3 Rxd3 30.Rxd3 Bxa2 31.Rd6 b5 32.Bf1 b4 33.Ra6 c4 34.Rxa5 c3 35.bxc3 bxc3
36.Bd3 c2 37.Bxc2 Rxc2 38.Ra8+ Kh7 39.h4 h5 40.Ra5 g6  0-1

[Event "Zalakaros op"]
[Site "Zalakaros"]
[Date "1994.??.??"]
[Round "9"]
[White "Kiss, Attila"]
[Black "Bardossi, Jeno"]
[Result "1-0"]
[WhiteElo "2340"]
[BlackElo "2200"]

1.d4 Nf6 2.c4 e6 3.g3 Bb4+ 4.Bd2 Qe7 5.Bg2 Bxd2+ 6.Qxd2 d6 7.Nc3 O-O 8.Nf3 c6
9.O-O Re8 10.e4 e5 11.h3 a6 12.d5 c5 13.Rfe1 Nh5 14.a3 a5 15.Re3 Bd7 16.Ne1 Na6
17.Nd3 g6 18.f4 f6 19.Rf1 Rf8 20.Ref3 b6 21.Kh2 Nc7 22.R1f2 Na6 23.Bf1 Rae8
24.Be2 Rd8 25.Qe3 Bc8 26.fxe5 fxe5 27.Rxf8+ Rxf8 28.Rxf8+ Qxf8 29.Bxh5 gxh5
30.Qg5+ Kh8 31.Qxh5 Nc7 32.Kg2 Ba6 33.b3 b5 34.cxb5 Nxb5 35.Nxb5 Bxb5 36.Qd1 Qh6
37.Qc1 Qg6 38.Nf2 Qf7 39.Qd2 a4 40.bxa4 Bxa4 41.Qh6 Qe7 42.Ng4 c4 43.Ne3 c3
44.Nf5 Qf7 45.Qxd6  1-0

[Event "London SCCU op"]
[Site "London"]
[Date "1995.08.??"]
[Round "2"]
[White "Whiteley, Andrew J"]
[Black "Martin, Benjamin"]
[Result "0-1"]
[WhiteElo "2375"]
[BlackElo "2360"]

1.d4 Nf6 2.c4 e6 3.g3 Bb4+ 4.Bd2 Qe7 5.Nf3 b6 6.Bg2 Bb7 7.O-O O-O 8.Nc3 d6
9.Ne1 Bxg2 10.Nxg2 c5 11.a3 Bxc3 12.Bxc3 Nbd7 13.Ne3 Ne4 14.Rc1 f5 15.Qd3 cxd4
16.Qxd4 Ndc5 17.Rcd1 f4 18.Ng2 f3 19.exf3 Rxf3 20.Bb4 Qb7 21.Ne3 a5 22.Be1 a4
23.Rb1 Raf8 24.h4 Qf7 25.Rd1 Nxg3 26.fxg3 Rxf1+ 27.Nxf1 Qxf1+ 28.Kh2 Qe2+
29.Kh3 Ne4 30.Qd3 Qxe1  0-1

[Event "Aceimar op"]
[Site "Aceimar"]
[Date "1995.??.??"]
[Round "?"]
[White "Nedobora, Mikhail"]
[Black "Guimaraes, Jorge"]
[Result "1-0"]
[WhiteElo "2465"]
[BlackElo "2335"]

1.d4 Nf6 2.c4 e6 3.g3 Bb4+ 4.Bd2 a5 5.Bg2 d5 6.Nf3 O-O 7.Bxb4 axb4 8.Nbd2 b6
9.O-O c5 10.Qc2 Nbd7 11.Rfd1 Bb7 12.cxd5 exd5 13.dxc5 bxc5 14.e4 dxe4 15.Ng5 Qe7
16.Ngxe4 Nxe4 17.Nxe4 Ra7 18.Re1 h6 19.Rad1 Bxe4 20.Rxe4 Qg5 21.Qe2 Nf6 22.Re5 Qg4
23.Qxg4 Nxg4 24.Rxc5 Rxa2 25.Rc4 Nf6 26.Rxb4 Rc8 27.Bf1 g6 28.Bc4 Rxc4 29.Rxc4 Rxb2
30.Rdc1 h5 31.h3 Kg7 32.R1c2 Rb5 33.Kg2 Ng8 34.Rc7 Nf6 35.R2c4 Rb8 36.Ra4 Rb5
37.Rd7 Rc5 38.g4 hxg4 39.hxg4 Rb5 40.Kg3 Rb2 41.f3 Rb5 42.Raa7 Rc5 43.Kf2 Rb5
44.Ke2 Rb2+ 45.Kd1 Rb5 46.Kc2 Rc5+ 47.Kd3 Rb5 48.f4 g5 49.Kc4 Rb1 50.fxg5 Nxg4
51.Rxf7+ Kg6 52.Rg7+ Kh5 53.Ra5 Re1 54.Kd5 Rd1+ 55.Ke4 Re1+ 56.Kf5 Rf1+ 57.Ke6 Re1+
58.Kf7 Ne5+ 59.Kg8 Nc6 60.Rc5 Nd8 61.Rd5 Re8+ 62.Kh7 Ne6 63.g6+  1-0

[Event "Agios Nikolaos op"]
[Site "Agios Nikolaos"]
[Date "1995.??.??"]
[Round "1"]
[White "Rogers, Ian"]
[Black "Papaioannou, Ioannis"]
[Result "1/2-1/2"]
[WhiteElo "2570"]
[BlackElo "2400"]

1.d4 Nf6 2.c4 e6 3.g3 Bb4+ 4.Bd2 Be7 5.Bg2 d5 6.Nf3 O-O 7.O-O c6 8.Qc2 Nbd7
9.Bf4 Ne4 10.Nc3 g5 11.Bc1 f5 12.b3 Bf6 13.Bb2 Qe7 14.e3 Qg7 15.Ne2 Re8 16.Rad1 b6
17.Nd2 Bb7 18.Nxe4 fxe4 19.f3 exf3 20.Rxf3 dxc4 21.Rdf1 cxb3 22.Qxb3 Qg6
23.Rxf6 Nxf6 24.Rxf6 Qxf6 25.d5 Qf5 26.dxc6 Ba6 27.Qc3 e5 28.Qb3+ Kg7 29.Nc3 Qd3
30.h3 Rad8 31.Kh2 Qc4 32.Qc2 Rd3 33.Qf2 Rxc3 34.Qf5 Qe6 35.Qxg5+ Qg6 36.Qxg6+ hxg6
37.Bxc3 Kf6 38.a4 Bc4 39.h4 a5 40.g4 Bb3 41.c7 Bxa4 42.g5+ Ke7 43.Bxe5 Bd7  1/2-1/2

[Event "Andorra op"]
[Site "Andorra"]
[Date "1995.??.??"]
[Round "2"]
[White "Rubio Purrinos, Hugo"]
[Black "Contin, Daniel"]
[Result "0-1"]
[WhiteElo "2235"]
[BlackElo "2390"]

1.d4 Nf6 2.c4 e6 3.g3 Bb4+ 4.Bd2 c5 5.Nf3 Qb6 6.Bg2 Nc6 7.O-O Bxd2 8.dxc5 Qxb2
9.Nbxd2 Qb4 10.Rb1 Qxc5 11.Qc2 b6 12.Rb5 Qe7 13.Qc3 Ba6 14.Ng5 O-O 15.Rb2 Rac8
16.Qe3 Na5 17.Qf4 Nxc4  0-1

[Event "Donau op"]
[Site "Aschach"]
[Date "1995.??.??"]
[Round "2"]
[White "Haba, Petr"]
[Black "Ganaus, Hannes"]
[Result "1-0"]
[WhiteElo "2410"]
[BlackElo "2235"]

1.d4 Nf6 2.c4 e6 3.g3 Bb4+ 4.Nd2 d5 5.Nf3 O-O 6.Bg2 dxc4 7.Qc2 Nc6 8.Qxc4 Qd5
9.O-O Rd8 10.e3 Qh5 11.Ne5 a5 12.Nxc6 bxc6 13.Qxc6 Ba6 14.Re1 e5 15.a3 Bxd2
16.Bxd2 e4 17.Rac1 Bb5 18.Qxc7 Nd5 19.Rc5 Bd3 20.Bxa5 Nxc7 21.Rxh5 Rd5 22.Rxd5 Nxd5
23.Rc1  1-0

[Event "AUT-chT2O 9495"]
[Site "?"]
[Date "1995.??.??"]
[Round "?"]
[White "Boehsmueller, Raimund"]
[Black "Schuh, Franz"]
[Result "1/2-1/2"]
[WhiteElo "2295"]
[BlackElo "2310"]

1.d4 Nf6 2.c4 e6 3.g3 Bb4+ 4.Bd2 Bxd2+ 5.Nxd2 d6 6.Bg2 O-O 7.e3 e5 8.Ne2 c6
9.O-O a5 10.Qc2 Bg4 11.Nc3 Nbd7 12.a3 Ne8 13.b4 axb4 14.axb4 Rxa1 15.Rxa1 f5
16.d5 c5 17.bxc5 Nxc5 18.Na4 b6 19.Qb1  1/2-1/2

[Event "AUT-chT2S 9495"]
[Site "?"]
[Date "1995.??.??"]
[Round "2"]
[White "Kiss, Attila"]
[Black "Zupe, Miran"]
[Result "1/2-1/2"]
[WhiteElo "2370"]
[BlackElo "2405"]

1.d4 Nf6 2.c4 e6 3.g3 Bb4+ 4.Bd2 a5 5.Bg2 d5 6.Nf3 Nc6 7.O-O dxc4 8.e3 Qe7
9.Qc2 e5 10.Nxe5 Nxe5 11.dxe5 Qxe5 12.Na3 O-O 13.Nxc4 Qc5 14.Rfc1 Rd8 15.a3 Bxd2
16.Nxd2 Qxc2 17.Rxc2 Bf5  1/2-1/2

[Event "AUT-chT2S 9495"]
[Site "?"]
[Date "1995.??.??"]
[Round "11"]
[White "Kiss, Attila"]
[Black "Titz, Heimo"]
[Result "1-0"]
[WhiteElo "2370"]
[BlackElo "2330"]

1.d4 Nf6 2.c4 e6 3.g3 Bb4+ 4.Bd2 Qe7 5.Bg2 Nc6 6.Nf3 d5 7.O-O O-O 8.Qc2 Rd8
9.Rd1 h6 10.a3 Bxd2 11.Nbxd2 Bd7 12.e4 dxc4 13.Nxc4 Be8 14.Rac1 a5 15.Ne3 Rac8
16.d5 exd5 17.exd5 Ne5 18.Nf5 Nxf3+ 19.Bxf3 Qf8 20.d6 cxd6 21.Qxc8 Rxc8 22.Rxc8 Kh7
23.Bxb7 g6 24.Nxd6 Qe7 25.Nxe8 Nxe8 26.Bf3 Nf6 27.Rb8 g5 28.h3 h5 29.b4 axb4
30.Rxb4 Qe6 31.Bg2 Kg7 32.a4 Qa2 33.Rdb1 h4 34.gxh4 gxh4 35.Rf1 Nd7 36.Rg4+ Kf6
37.Rxh4 Ne5 38.Rd4 Ng6 39.h4 Ke5 40.Rd5+ Kf6 41.Rd4 Ke5 42.Re4+ Kf5 43.h5 Nf4
44.h6 Qb2 45.Rxf4+ Kxf4 46.a5 Kg5 47.a6  1-0

[Event "AUT-chT9495"]
[Site "?"]
[Date "1995.??.??"]
[Round "?"]
[White "Horvath, Jozsef"]
[Black "Robatsch, Karl"]
[Result "1/2-1/2"]
[WhiteElo "2520"]
[BlackElo "2410"]

1.d4 Nf6 2.c4 e6 3.g3 Bb4+ 4.Bd2 Qe7 5.Nf3 Nc6 6.Nc3 d5 7.a3 Bxc3 8.Bxc3 a5
9.Bg2 b6 10.Ne5 Bb7 11.Nxc6 Bxc6 12.Rc1 Qd7 13.cxd5 exd5 14.Bd2 Ba4 15.b3 Bb5
16.a4 Ba6 17.Qc2 Rc8 18.Bg5 c5 19.O-O cxd4 20.Qb2 Rxc1 21.Rxc1 Qf5 22.Bxf6 Qxf6
23.Bxd5 O-O 24.Rd1 Rc8 25.Qxd4 Qxd4 26.Rxd4 Bxe2 27.Kg2 Kf8  1/2-1/2

[Event "Regionalliga SW9495"]
[Site "Bayern"]
[Date "1995.??.??"]
[Round "4"]
[White "Pittelkow, Erhard"]
[Black "Marschner, Guenter"]
[Result "1/2-1/2"]
[WhiteElo "2005"]
[BlackElo "1930"]

1.d4 e6 2.c4 Nf6 3.g3 Bb4+ 4.Bd2 Bxd2+ 5.Nxd2 d6 6.Ngf3 b6 7.Bg2 Bb7 8.O-O O-O
9.b4 Nc6 10.a3 Ne7 11.Qc2 Ng6 12.e4 e5 13.d5 Bc8 14.Rac1 Ne8 15.Ne1 f5 16.f3 Qg5
17.Nd3 h5 18.exf5 Bxf5 19.Ne4 Bxe4 20.fxe4 Nf6 21.Qe2 h4 22.Rf5 Qh6 23.g4 Ne7
24.g5 Qh5 25.Bf3 Qg6 26.Bg4 Nxf5 27.Bxf5 Qxg5+ 28.Kh1 Qh5 29.Qg2 Qh6 30.Rg1 Kh8
31.Nf2 Rae8 32.Nh3 Re7 33.Qe2 Qh5 34.Qe3 Qh6  1/2-1/2

[Event "Bern op"]
[Site "Bern"]
[Date "1995.??.??"]
[Round "8"]
[White "Sutter, Oliver"]
[Black "Einwiller, Dieter"]
[Result "1-0"]
[WhiteElo "2310"]
[BlackElo "2290"]

1.d4 Nf6 2.c4 e6 3.g3 Bb4+ 4.Nd2 O-O 5.Bg2 d6 6.Nf3 Qe7 7.O-O Bxd2 8.Bxd2 Ne4
9.Be3 f5 10.Qc2 c6 11.b4 d5 12.Rab1 Nd7 13.b5 Nd6 14.Bd2 Nxc4 15.Bb4 c5 16.dxc5 Nxc5
17.Bxc5 Qxc5 18.Ne5 Rb8 19.Rfc1 Re8 20.Nxc4 Qxc4 21.Qxc4 dxc4 22.Rxc4 e5
23.Ra4 Ra8 24.Bd5+ Kf8 25.b6 a6 26.Rc1 Rd8 27.e4 fxe4 28.Bxe4 h6 29.Kg2 Rd6
30.Rb4 Ke7 31.Rc7+ Rd7 32.Rbc4 Kd8 33.a3 a5 34.h4 a4 35.R4c5 Rb8 36.Bf5 g6
37.Bxd7 Bxd7 38.Rd5  1-0

[Event "RUS-chT"]
[Site "Briansk"]
[Date "1995.??.??"]
[Round "2"]
[White "Gleizerov, Evgeny"]
[Black "Arakelian, Eduard"]
[Result "1/2-1/2"]
[WhiteElo "2545"]
[BlackElo "2415"]

1.d4 Nf6 2.c4 e6 3.g3 Bb4+ 4.Bd2 Be7 5.Bg2 d5 6.Nf3 c6 7.Qb3 b6 8.Nc3 O-O
9.O-O Ba6 10.cxd5 cxd5 11.Ne5 Bb7 12.Rac1 Nc6 13.Nb5 Nxe5 14.dxe5 Nd7 15.Qe3 Bc5
16.Nd4 a5 17.a4 Nb8 18.Bc3 Qd7 19.b3 Nc6 20.Qf4  1/2-1/2

[Event "Budapest FS08 IM-A"]
[Site "Budapest"]
[Date "1995.??.??"]
[Round "3"]
[White "Simeonidis, Ioannis"]
[Black "Petit, Rene"]
[Result "1/2-1/2"]
[WhiteElo "2205"]
[BlackElo "2155"]

1.d4 Nf6 2.c4 e6 3.g3 Bb4+ 4.Bd2 Bxd2+ 5.Qxd2 O-O 6.Bg2 d6 7.Nf3 Nc6 8.Nc3 e5
9.O-O Bg4 10.d5 Ne7 11.Ne1 Qd7 12.e4 Ng6 13.Nd3 Nh5 14.c5 Bh3 15.Bxh3 Qxh3
16.f3 a6 17.a4 b6 18.cxd6 cxd6 19.Qf2 Rac8 20.Nb4 Ne7 21.Nxa6 f5 22.Qg2 Qxg2+
23.Kxg2 Rc4 24.a5 b5 25.Nxb5 fxe4 26.fxe4 Rxe4 27.Rxf8+ Kxf8 28.Rf1+ Nf6
29.Nxd6 Ra4 30.b4 Nxd5 31.Nc4 e4 32.g4 g5 33.h4 h6 34.hxg5 hxg5 35.Nb6 Ra2+
36.Kg1 Nf4 37.Nc5 Nxg4 38.Ne6+ Ke7 39.Nxf4 gxf4 40.Rxf4 Nf6 41.Nc4 Rc2 42.Ne3 Rc1+
43.Kg2 Ra1 44.Ng4 Ra2+ 45.Kf1 Nd5 46.Rxe4+ Kd6 47.Rd4 Ke6 48.Re4+ Kd6 49.Ne3 Nxb4
50.Rxb4 Rxa5 51.Ke2 Ra2+ 52.Kd3 Ra1 53.Kd4 Rh1 54.Rb6+ Kc7 55.Nd5+ Kd7 56.Ra6 Rd1+
57.Ke4 Re1+ 58.Ne3 Re2 59.Kd3 Rh2 60.Nf5 Rh1 61.Ke4 Rb1 62.Rd6+ Kc7 63.Rh6 Ra1
64.Nd4 Ra5 65.Kd3 Ra4 66.Kc3 Kd7 67.Kd3 Ra1 68.Nb3 Rg1 69.Kc4 Ke7 70.Nc5 Rc1+
71.Kd5 Kf7 72.Ra6 Rh1 73.Nd3 Rd1 74.Ke4 Rh1 75.Nf4 Rb1 76.Ke5 Rb5+ 77.Nd5 Kg7
78.Ra7+ Kg6 79.Ke6 Rb1 80.Nf4+ Kg5 81.Nd3 Rb6+ 82.Ke5 Rb5+ 83.Ke4 Kf6 84.Ra6+ Ke7
85.Nf4 Rb1 86.Nd3 Rh1 87.Kd5 Rd1  1/2-1/2

[Event "Castellar op"]
[Site "Castellar"]
[Date "1995.??.??"]
[Round "?"]
[White "Yepes Martinez, Eduard"]
[Black "Pablo Marin, Alejandro"]
[Result "0-1"]
[WhiteElo "2315"]
[BlackElo "2390"]

1.d4 Nf6 2.c4 e6 3.g3 Bb4+ 4.Bd2 Qe7 5.Bg2 O-O 6.Nf3 Bxd2+ 7.Qxd2 d6 8.O-O e5
9.Nc3 a5 10.Qc2 Nc6 11.Rad1 Bg4 12.Ng5 Nb4 13.Qb1 h6 14.Nge4 c6 15.a3 Na6
16.dxe5 dxe5 17.Nxf6+ Qxf6 18.b4 axb4 19.axb4 Nc7 20.b5 Ra3 21.Qb4 Rxc3 22.Qxc3 Bxe2
23.bxc6 Bxf1 24.Kxf1 bxc6 25.Qf3 Rd8 26.Qxf6 Rxd1+ 27.Ke2 gxf6 28.Kxd1 c5
29.Kd2 Kg7 30.Be4 Ne8 31.Kc3 Nd6 32.Bd5 f5 33.Kb3 e4 34.f4 exf3 35.Bxf3 Kf6
36.Kc3 Ke5 37.Kd3 f4 38.g4 f5 39.h3 Kf6 40.gxf5 Kxf5 41.h4 Ke5 42.Bg4 Nf5
43.h5 Ne3 44.Bf3 Kf6 45.Bg4 Kg5 46.Bf3 Kh4  0-1

[Event "Copenhagen op17"]
[Site "Copenhagen"]
[Date "1995.??.??"]
[Round "1"]
[White "Nielsen, Peter Heine"]
[Black "Auchenberg, Per"]
[Result "1-0"]
[WhiteElo "2500"]
[BlackElo "2215"]

1.d4 Nf6 2.c4 e6 3.g3 Bb4+ 4.Bd2 c5 5.Bxb4 cxb4 6.Bg2 O-O 7.Nf3 d6 8.O-O Nc6
9.Nbd2 Re8 10.e4 e5 11.d5 Nb8 12.Ne1 Na6 13.Nd3 Bg4 14.Qe1 Qb6 15.Nb3 Rac8
16.Rc1 Re7 17.Qd2 Bd7 18.Rfe1 Ba4 19.Na1 Rec7 20.b3 Bd7 21.Nc2 Nc5 22.Ncxb4 Qa5
23.Re2 Nxd3 24.Nxd3 Qa6 25.Ree1 b5 26.c5 dxc5 27.Nxe5 c4 28.bxc4 bxc4 29.Bf1 c3
30.Rxc3 Qa5 31.Rc2  1-0

[Event "Crailsheim op 1st"]
[Site "Crailsheim"]
[Date "1995.??.??"]
[Round "?"]
[White "Haba, Petr"]
[Black "Adamski, Jan"]
[Result "1/2-1/2"]
[WhiteElo "2440"]
[BlackElo "2450"]

1.d4 Nf6 2.c4 e6 3.g3 Bb4+ 4.Nd2 c5 5.dxc5 Bxc5 6.Bg2 Nc6 7.Ngf3 O-O 8.O-O d5
9.a3 a5 10.Qc2 d4 11.Nb3 Be7 12.Bg5 e5 13.Bxf6 Bxf6 14.Nfd2  1/2-1/2

[Event "CZE-chT1b"]
[Site "?"]
[Date "1995.??.??"]
[Round "?"]
[White "Haba, Zdenek"]
[Black "Illetsko, Jaroslav"]
[Result "1-0"]
[WhiteElo "2275"]
[BlackElo "2240"]

1.d4 Nf6 2.c4 e6 3.g3 Bb4+ 4.Bd2 Bxd2+ 5.Nxd2 Nc6 6.Ngf3 d6 7.Bg2 e5 8.d5 Ne7
9.O-O O-O 10.Qc2 a5 11.e4 Bg4 12.Nh4 Nd7 13.h3 Bh5 14.b3 f6 15.a3 c6 16.Nf5 cxd5
17.Nxe7+ Qxe7 18.exd5 f5 19.b4 b6 20.Nb3 a4 21.Nd2 e4 22.Rae1 Ne5 23.Kh1 Qc7
24.Re3 Rfc8 25.g4 f4 26.Rxe4 Bg6 27.Rc1 Qd8 28.Qc3 Bxe4 29.Bxe4 Ra7 30.Bf5 Rcc7
31.Qd4 Qg5 32.Be6+ Kh8 33.Qxb6 h5 34.Qb8+ Kh7 35.Qg8+ Kg6 36.Bf5+ Kf6 37.Ne4+  1-0

[Event "CZE-chT1c 9495"]
[Site "?"]
[Date "1995.??.??"]
[Round "5"]
[White "Hudecek, Jan"]
[Black "Saljova, Silvie"]
[Result "1-0"]
[WhiteElo "2275"]
[BlackElo "2235"]

1.d4 Nf6 2.c4 e6 3.g3 Bb4+ 4.Nd2 c5 5.a3 Bxd2+ 6.Qxd2 Nc6 7.dxc5 Ne4 8.Qe3 Qa5+
9.Bd2 Nxd2 10.Qxd2 Qxc5 11.Rc1 a5 12.Bg2 a4 13.Nf3 O-O 14.O-O b6 15.Rfd1 Ra7
16.Ne1 Na5 17.Nd3 Qc7 18.Qb4 Nb3 19.Rc3 Ra5 20.Qe7 f6 21.Nb4 Rc5 22.Na6 Qe5
23.Nxc5 bxc5 24.e3 Qh5 25.Rcd3 Re8 26.Qd6 Qe2 27.Bc6 dxc6 28.Qxc6 Qh5 29.Rd8 Kf8
30.Qd6+ Kg8 31.Rxe8+ Qxe8 32.Qc7 Nd4 33.exd4 h6 34.dxc5 Kh7 35.Rd8 Qg6 36.Qxc8 Qb1+
37.Kg2 Qe4+ 38.Kf1 Qb1+ 39.Kg2 Qe4+ 40.Kf1 Qb1+ 41.Ke2 Qc2+ 42.Ke3 Qc1+ 43.Rd2 Qe1+
44.Re2 Qc1+ 45.Kd3 Qd1+ 46.Rd2 Qf1+ 47.Kd4 Qe1 48.Kc3 Qc1+ 49.Kb4 Qxd2+ 50.Kxa4 Qxb2
51.Qxe6 Qc2+ 52.Ka5 Qxf2 53.Kb6 Qb2+ 54.Kc7 Qxa3 55.c6 Qa7+ 56.Kd8 Qb6+ 57.Kd7 Qd4+
58.Qd5 Qg4+ 59.Kd8 f5 60.c7  1-0

[Event "RUS-ch"]
[Site "Elista"]
[Date "1995.??.??"]
[Round "5"]
[White "Dyachkov, Sergej"]
[Black "Razuvaev, Yuri S"]
[Result "1/2-1/2"]
[WhiteElo "2520"]
[BlackElo "2585"]

1.d4 Nf6 2.c4 e6 3.g3 Bb4+ 4.Bd2 Qe7 5.Bg2 Nc6 6.e3 e5 7.d5 Bxd2+ 8.Qxd2 Nb8
9.d6 Qxd6 10.Qxd6 cxd6 11.Nc3 Ke7 12.Nge2 Na6 13.O-O Nc7 14.Rac1 a6 15.Na4 Rb8
16.Nb6 Na8 17.Nxa8 Rxa8 18.Nc3 Rb8 19.Nd5+ Nxd5 20.cxd5 b6 21.b4 Bb7 22.Rc7 Rhc8
23.Rfc1 Rxc7 24.Rxc7 Kd8 25.Rc3 b5 26.e4 Ra8 27.Rc1  1/2-1/2

[Event "RUS-ch"]
[Site "Elista"]
[Date "1995.??.??"]
[Round "6"]
[White "Razuvaev, Yuri S"]
[Black "Yemelin, Vasily"]
[Result "1/2-1/2"]
[WhiteElo "2585"]
[BlackElo "2500"]

1.d4 Nf6 2.c4 e6 3.g3 Bb4+ 4.Bd2 c5 5.Bxb4 cxb4 6.Bg2 a5 7.Nf3 O-O 8.Nbd2 d6
9.Nf1 Ra7 10.Ne3 b5 11.cxb5 Bd7 12.a4 bxa3 13.Rxa3  1/2-1/2

[Event "Gausdal Int"]
[Site "Gausdal"]
[Date "1995.??.??"]
[Round "6"]
[White "Tisdall, Jonathan D"]
[Black "Petursson, Margeir"]
[Result "1/2-1/2"]
[WhiteElo "2470"]
[BlackElo "2535"]

1.d4 Nf6 2.c4 e6 3.g3 Bb4+ 4.Bd2 c5 5.Bxb4 cxb4 6.Bg2 O-O 7.Nf3 d6 8.O-O Nc6
9.Nbd2 Re8 10.e4 e5 11.d5 Nb8 12.a3 Na6 13.axb4 Nxb4 14.Qb3 a5 15.Ne1 Bg4
16.Nc2 Na6 17.Ne3 Bd7 18.Qc3 Nc5 19.b4 axb4 20.Qxb4 Ra6 21.Rxa6 bxa6 22.Nb3 Nfxe4
23.Bxe4 Nxe4 24.c5 Nxc5 25.Nxc5 dxc5 26.Qxc5 Qf6 27.Qc7 Bh3 28.Rd1 h5 29.d6 Kh7
30.Qc6 Rd8  1/2-1/2

[Event "NRW-Liga I 9495"]
[Site "Germany"]
[Date "1995.??.??"]
[Round "?"]
[White "Pieper Emden, Carsten"]
[Black "Rechmann, Peter"]
[Result "1/2-1/2"]
[WhiteElo "2355"]
[BlackElo "2345"]

1.d4 Nf6 2.c4 e6 3.g3 Bb4+ 4.Nd2 c5 5.Nf3 cxd4 6.Nxd4 Nc6 7.Nxc6 dxc6 8.Bg2 e5
9.Qc2 O-O 10.a3 Bc5 11.O-O a5 12.Nb3 Be7 13.a4 Be6 14.Be3 Nd7 15.Rac1 Bb4
16.Rfd1  1/2-1/2

[Event "Landesliga N9596 Bayern"]
[Site "Germany"]
[Date "1995.??.??"]
[Round "?"]
[White "Rohrbach, Frank"]
[Black "Held, Markus"]
[Result "0-1"]
[WhiteElo "2085"]
[BlackElo "2150"]

1.d4 Nf6 2.c4 e6 3.g3 Bb4+ 4.Bd2 Bxd2+ 5.Qxd2 d5 6.Nf3 b6 7.Bg2 Bb7 8.Ne5 O-O
9.O-O Qc8 10.cxd5 Bxd5 11.Nc3 Bxg2 12.Kxg2 c5 13.Rfd1 Nc6 14.Nxc6 Qxc6+ 15.f3 Rfd8
16.Qe3 c4 17.Qf4 b5 18.e4 b4 19.Ne2 Rac8 20.Rd2 Rc7 21.d5 exd5 22.Nd4 Qb6
23.e5 Ne8 24.Qg4 Rcc8 25.Re1 Nc7 26.f4 c3 27.bxc3 bxc3 28.Rd3 Nb5 29.Nf5 Qg6
30.h3 Qxg4 31.hxg4 g6 32.Nh6+ Kg7 33.g5 d4 34.Rc1 Na3 35.Ng4 Nc4 36.Nf6 Nb2
37.Rh1 Nxd3  0-1

[Event "Groningen op"]
[Site "Groningen"]
[Date "1995.??.??"]
[Round "?"]
[White "Meins, Gerlef"]
[Black "Shipov, Sergei"]
[Result "1/2-1/2"]
[WhiteElo "2440"]
[BlackElo "2510"]

1.d4 Nf6 2.c4 e6 3.g3 Bb4+ 4.Nd2 c5 5.a3 Bxd2+ 6.Qxd2 cxd4 7.Nf3 b6 8.Bg2 Bb7
9.Qxd4 O-O 10.O-O Nc6 11.Qd3 Rc8 12.b4 d5 13.cxd5 Qxd5 14.Qxd5 Nxd5 15.Bb2 Ba6
16.Rfe1 Rfd8 17.Rac1 Bb5 18.e3 Nde7 19.Red1 f6  1/2-1/2

[Event "Gyongyos op "]
[Site "Gyongyos"]
[Date "1995.??.??"]
[Round "?"]
[White "Gacso, Tibor"]
[Black "Neverov, Anatoly"]
[Result "1/2-1/2"]
[WhiteElo "2220"]
[BlackElo "2440"]

1.d4 Nf6 2.c4 e6 3.g3 Bb4+ 4.Bd2 a5 5.Bg2 d6 6.Nf3 Nbd7 7.O-O e5 8.e3 Bxd2
9.Qxd2 O-O 10.Nc3 Re8 11.Qc2 c6 12.Rfd1 Qc7 13.Rac1 exd4 14.exd4  1/2-1/2

[Event "Wch U20"]
[Site "Halle"]
[Date "1995.??.??"]
[Round "1"]
[White "Dyachkov, Sergej"]
[Black "Maherramzade, Javad"]
[Result "1/2-1/2"]
[WhiteElo "2520"]
[BlackElo "2295"]

1.d4 Nf6 2.c4 e6 3.g3 Bb4+ 4.Bd2 Qe7 5.Bg2 Nc6 6.e3 O-O 7.Ne2 d5 8.cxd5 exd5
9.Nbc3 Bxc3 10.Bxc3 Rd8 11.Nf4 a5 12.O-O a4 13.Qc2 Qd6 14.Rfc1 Bd7 15.Be1 b6
16.Qc3 Ra7 17.Qa3 Qxa3 18.bxa3 Be8 19.Rc2 Ne7 20.Rac1 c6 21.f3 Nf5 22.Kf2 Nd6
23.Bb4 g5 24.Nd3 Nc4 25.g4 h6 26.Ne5 Nxe5 27.dxe5 Nh7 28.Rxc6 Bxc6 29.Rxc6 Nf8
30.f4 Ne6 31.f5 Nc5 32.Ke2 Ne4 33.h3 Raa8 34.Kd3 Rac8 35.Rxh6 Nf2+ 36.Kd2 Ne4+
37.Kd3 Nf2+ 38.Kd2 Ne4+ 39.Kd3  1/2-1/2

[Event "Helsinki We HOSK"]
[Site "Helsinki"]
[Date "1995.??.??"]
[Round "?"]
[White "Maki Uuro, Miikka"]
[Black "Kanko, Ilkka"]
[Result "1-0"]
[WhiteElo "2280"]
[BlackElo "2345"]

1.d4 Nf6 2.c4 e6 3.g3 Bb4+ 4.Nd2 O-O 5.Bg2 d5 6.Nf3 b6 7.O-O Bb7 8.cxd5 exd5
9.Ne5 Bd6 10.Ndc4 Be7 11.Bg5 Nbd7 12.Ne3 h6 13.Bxf6 Nxf6 14.Qa4 Qe8 15.Qb3 Rd8
16.Nf5 Bd6 17.Nxd6 cxd6 18.Nd3 Qxe2 19.Nf4 Qd2 20.Rac1 Rc8 21.Rxc8 Rxc8 22.Nxd5 Nxd5
23.Bxd5 Ba6 24.Bxf7+ Kh8 25.Qe6 Qxd4 26.Re1 Qc5 27.Qe7 Qc6 28.Bg6 d5 29.Be8 Qf6
30.Qxf6 gxf6 31.Bf7 d4 32.Re8+ Rxe8 33.Bxe8 Bc4 34.a3 d3 35.Ba4 f5 36.f3 Kg7
37.Kf2 Kf6 38.Ke3 Ke5 39.f4+ Kd6 40.Be8 a5 41.Bg6 Ke6 42.Bh5 Kd5 43.Bf3+ Kc5
44.Bb7 d2 45.Kxd2 Kd4 46.Bc8 Bd3 47.Bd7 Bb1 48.Be8 Ba2 49.Bg6 Ke4 50.g4 Kxf4
51.gxf5 Ke5 52.Kc3 Bb1 53.Kc4 a4 54.Kb5 Bc2 55.Kxb6 Kf4 56.Ka5 Kg4 57.Bh7 Kg5
58.f6 Bb3 59.Bc2 Bd5 60.Bxa4 Kxf6 61.b4 Kg5 62.Bd7  1-0

[Event "Horgen"]
[Site "Horgen"]
[Date "1995.??.??"]
[Round "2"]
[White "Kortschnoj, Viktor"]
[Black "Jussupow, Artur"]
[Result "1/2-1/2"]
[WhiteElo "2635"]
[BlackElo "2680"]

1.d4 Nf6 2.c4 e6 3.g3 Bb4+ 4.Bd2 Qe7 5.Nf3 Nc6 6.Nc3 d6 7.d5 exd5 8.cxd5 Ne5
9.Nxe5 dxe5 10.Bg2 a6 11.O-O O-O 12.Rc1 h6 13.Qc2 Bd6 14.Nd1 Bg4 15.e4 c6
16.Ne3 cxd5 17.Nxg4 Nxg4 18.exd5 Rae8 19.Rfe1 Nf6 20.Qb3 Qd7 21.Re2 Re7 22.Ba5 Rfe8
23.Bc3 h5 24.Qc4 Qf5 25.Rce1 Rc8 26.Qb3 Rce8 27.Bb4 Qd7 28.Bd2 Bc5 29.Bg5 Qf5
30.h4 e4 31.Qc2 Rc7 32.Bxf6 Qxf6 33.Rxe4 Rxe4 34.Rxe4 g6 35.Qd2 Re7 36.Rc4 Bd6
37.Kh2 Re8 38.f4 Kg7 39.Bf3 Kg8 40.Kg2 Kg7 41.Qc3 Re7 42.Qc2 Re8 43.a3 Kg8
44.Qb3 Re7 45.Rc8+ Kg7 46.Qb6 Rd7 47.Be4 Be7 48.Qxf6+ Kxf6 49.Kf3 Bd6 50.Ke2 Rc7
51.Rd8 Ke7 52.Ra8 Rd7 53.Kf3 f5 54.Bd3 Rd8 55.Ra7 Rd7 56.b4 Bb8 57.Ra8 Rd8
58.Bc4 Kd6 59.a4 Rc8 60.a5 Rxc4 61.Rxb8 Rxb4 62.Rg8  1/2-1/2

[Event "HUN-chT2 9495"]
[Site "HUN"]
[Date "1995.??.??"]
[Round "?"]
[White "Seres, Lajos"]
[Black "Doery, Jeno"]
[Result "1/2-1/2"]
[WhiteElo "2430"]
[BlackElo "2340"]

1.d4 Nf6 2.c4 e6 3.g3 Bb4+ 4.Bd2 Be7 5.Bg2 d5 6.Nf3 c6 7.Qc2 O-O 8.O-O b6
9.Bf4 Bb7 10.Nbd2 Nh5 11.Bxb8 Rxb8 12.e4 dxe4 13.Nxe4 Nf6 14.Rad1 Qc7 15.Nfg5 Nxe4
16.Nxe4 Rbd8 17.Rd3 c5 18.dxc5 bxc5 19.Rfd1 Bxe4 20.Bxe4 g6 21.Rxd8  1/2-1/2

[Event "Krasnodar"]
[Site "Krasnodar"]
[Date "1995.??.??"]
[Round "6"]
[White "Raetsky, Alexander"]
[Black "Poluljahov, Aleksandr"]
[Result "1/2-1/2"]
[WhiteElo "2510"]
[BlackElo "2450"]

1.d4 Nf6 2.c4 e6 3.g3 Bb4+ 4.Nd2 d5 5.Bg2 O-O 6.Qc2 b6 7.Nf3 Bb7 8.Ne5 Qc8
9.cxd5 Bxd5 10.e4 Bb7 11.a3 Be7 12.Nb3 c5 13.dxc5 Nbd7 14.Nxd7 Nxd7 15.Be3 Ba6
16.c6 Ne5 17.O-O-O Nxc6 18.Kb1 Ne5 19.Qxc8 Raxc8 20.Bd4 Nc4 21.e5 Bb5 22.Ka2 Rfd8
23.Rc1 a5 24.Bc3 Be8 25.Rhe1 h5 26.f4 g6 27.Be4 Rc7 28.Nd2 Nxd2  1/2-1/2

[Event "Kuopio op1"]
[Site "Kuopio"]
[Date "1995.??.??"]
[Round "?"]
[White "Koskinen, Henri"]
[Black "Taimanov, Mark E"]
[Result "0-1"]
[WhiteElo "2260"]
[BlackElo "2505"]

1.d4 Nf6 2.c4 e6 3.g3 Bb4+ 4.Bd2 a5 5.Bg2 d5 6.Qc2 Nc6 7.Nf3 dxc4 8.Qxc4 Qd5
9.Qxd5 exd5 10.O-O Bg4 11.Bxb4 axb4 12.Nbd2 Bxf3 13.Nxf3 O-O 14.Rfc1 Ra6
15.e3 Rfa8 16.Ne5 Rxa2 17.Rab1 R8a6 18.Nd3 Ra7 19.Ne5 R2a6 20.Bf1 Rb6 21.Ra1 Rxa1
22.Rxa1 Kf8 23.Ra8+ Ke7 24.Nd3 Nd8 25.f3 g5 26.g4 h5 27.h3 hxg4 28.hxg4 Ne8
29.b3 Nf6 30.Rc8 Ne6 31.Ra8 Nd7 32.Ra5 Kd6 33.Nb2 Rc6 34.e4 Rc3 35.Rxd5+ Ke7
36.Nc4 c6 37.Ra5 Nxd4 38.Ne5 Nxb3  0-1

[Event "La Coruna TH op"]
[Site "La Coruna"]
[Date "1995.??.??"]
[Round "8"]
[White "Glavina, Pablo"]
[Black "De la Fuente, Alfredo"]
[Result "1-0"]
[WhiteElo "2390"]
[BlackElo "2190"]

1.d4 Nf6 2.c4 e6 3.g3 Bb4+ 4.Bd2 a5 5.Bg2 O-O 6.Nf3 d6 7.O-O Bxd2 8.Qxd2 Nbd7
9.Nc3 e5 10.Rfd1 exd4 11.Nxd4 Nc5 12.b3 Re8 13.Qc2 Qe7 14.Rd2 Nce4 15.Nxe4 Nxe4
16.Qxe4 Qxe4 17.Bxe4 Rxe4 18.Nb5 Re7 19.c5 Bh3 20.cxd6 cxd6 21.Nxd6 Rd8 22.Rad1 Red7
23.Nc4 Rxd2 24.Rxd2 Rxd2 25.Nxd2 b5 26.f3 Be6 27.Kf2 a4 28.Ke3 Kf8 29.Kd4 Ke7
30.Kc5 axb3 31.axb3 Bd7 32.b4  1-0